[Event "SWE-chT 0001"]
[Site "Sweden"]
[Date "2000.??.??"]
[Round "1"]
[White "Nygren, David"]
[Black "Eriksson, Magnus"]
[Result "0-1"]
[WhiteElo "2167"]
[BlackElo "2360"]
[PlyCount "64"]
[EventDate "2000.??.??"]
[Source "www.chesslib.no"]
[SourceDate "2004.05.04"]

1. e4 e5 2. Nc3 Nf6 3. Bc4 Nxe4 4. Qh5 Nd6 5. Bb3 Be7 6. Qxe5 O-O 7. Nf3 c6 8. d3 Ne8 9. h4 d5 10. Bd2 Nd7 11. Qg3 Nc5 12. h5 a5 13. d4 Ne6 14. a4 Nd6 15. O-O-O Bf6 16. Qh2 Nf5 17. h6 g6 18. Ne2 Nfxd4 19. Nexd4 Nxd4 20. Nxd4 Bxd4 21. Bxa5 Qf6 22. Rxd4 Rxa5 23. Rf4 Qg5 24. Kb1 Be6 25. Re1 Rfa8 26. Rb4 R5a7 27. Re3 c5 28. Rb6 c4 29. f4 Qg4 30. f5 Qxf5 31. Rf3 Qe4 32. Qg1 cxb3 0-1

[Event "XIX Czech Oce Open"]
[Site "Pardubice CEC"]
[Date "2008.07.11"]
[Round "2"]
[White "Hodac, P."]
[Black "Genba, V."]
[Result "0-1"]
[WhiteElo "2088"]
[BlackElo "2429"]
[PlyCount "50"]
[EventDate "2008.07.10"]
[Source "www.chesslib.no"]
[SourceDate "2004.05.04"]

1. e4 e5 2. Nc3 Nf6 3. Bc4 Nxe4 4. Qh5 Nd6 5. Bb3 Be7 6. Nf3 Nc6 7. Nxe5 g6 8. Nxc6 dxc6 9. Qf3 O-O 10. O-O Nf5 11. d3 Nd4 12. Qf4 a5 13. Be3 Bf6 14. Bxd4 Qxd4 15. Ne4 Be5 16. Qh4 a4 17. c3 Qxd3 18. Rad1 Qe2 19. f4 Qxe4 20. Rde1 Bd4+ 21. Kh1 Qf5 22. g4 Qxg4 23. Bxf7+ Rxf7 24. Qd8+ Rf8 25. Qxd4 Be6 0-1

[Event "otb"]
[Site "otb"]
[Date "2007.03.03"]
[Round "5"]
[White "Keller Christophe"]
[Black "Royer Sylvain"]
[Result "0-1"]
[WhiteElo "2228"]
[BlackElo "2256"]
[PlyCount "66"]
[Source "www.chesslib.no"]
[SourceDate "2004.05.04"]

1. e4 e5 2. Nc3 Nf6 3. Bc4 Nxe4 4. Qh5 Nd6 5. Bb3 Be7 6. Qxe5 O-O 7. d4 b5 8. Nge2 Nc6 9. Qf4 b4 10. Nd5 Ba6 11. Be3 Re8 12. Kd2 Bg5 13. Qg4 Bxe3+ 14. fxe3 Bxe2 15. Kxe2 Re4 16. Qh5 Nxd4+ 17. Kd2 Nxb3+ 18. axb3 c6 19. Nf4 Qf6 20. Nd3 g6 21. Qf3 Qe7 22. Rae1 Re8 23. g4 Qg5 24. Nf2 Qd5+ 25. Kc1 Qa5 26. Kb1 R4e7 27. h4 Qe5 28. e4 a5 29. g5 Qd4 30. Ng4 Nxe4 31. Rxe4 Rxe4 32. Nf6+ Kf8 33. Ka2 Re3 0-1

[Event "POL-chT region"]
[Site "?"]
[Date "1999.??.??"]
[Round "?"]
[White "Juzek Adrian"]
[Black "Antonczyk Adam"]
[Result "0-1"]
[WhiteElo "2166"]
[BlackElo "2318"]
[PlyCount "98"]
[EventDate "1999.??.??"]
[Source "www.chesslib.no"]
[SourceDate "2004.05.04"]

1. e4 e5 2. Nc3 Nf6 3. Bc4 Nxe4 4. Qh5 Nd6 5. Bb3 Be7 6. Nf3 Nc6 7. d3 g6 8. Qh3 Nf5 9. g4 Nfd4 10. Bh6 Bf8 11. Nxd4 Nxd4 12. O-O-O d6 13. Bxf8 Rxf8 14. f4 Nxb3+ 15. axb3 h5 16. Rde1 Bxg4 17. Qg2 c6 18. fxe5 d5 19. Kb1 Qe7 20. Qf2 b6 21. h3 Bd7 22. Ne2 O-O-O 23. Nf4 Rde8 24. Qg3 h4 25. Qf2 Kb7 26. d4 Rh8 27. Qf3 Bf5 28. Rhg1 Qd7 29. b4 Be4 30. Qe3 Bf5 31. Qb3 a6 32. Ka1 Reg8 33. Rg5 Ra8 34. Kb1 Rhe8 35. Rgg1 a5 36. Re3 axb4 37. Qxb4 Ra6 38. Ra3 Qe7 39. Qxe7+ Rxe7 40. Re3 Re8 41. Rg2 Rea8 42. Kc1 Ra1+ 43. Kd2 R8a4 44. c3 R4a2 45. Nd3 Rh1 46. Rf2 Raa1 47. Kc2 Rad1 48. Ref3 Bxd3+ 49. Rxd3 Rc1+ 0-1

[Event "ClassM.056"]
[Site "IECG email"]
[Date "1998.??.??"]
[Round "?"]
[White "Bourquin, Pascal"]
[Black "Merlini, Dusan"]
[Result "1/2-1/2"]
[WhiteElo "2230"]
[BlackElo "2250"]
[PlyCount "39"]
[EventDate "1998.??.??"]
[Source "www.chesslib.no"]
[SourceDate "2004.05.04"]

1. e4 e5 2. Nc3 Nf6 3. Bc4 Nxe4 4. Qh5 Nd6 5. Bb3 Be7 6. Nf3 Nc6 7. Nxe5 O-O 8. O-O Nd4 9. Nd5 Nxb3 10. axb3 Re8 11. d3 c6 12. Nxe7+ Qxe7 13. Bf4 Qf6 14. Bg3 Nf5 15. Rae1 Re6 16. Nf3 h6 17. Be5 Qg6 18. Qxg6 Rxg6 19. Bc3 Kf8 20. h3 1/2-1/2

[Event "FIN Team Ch 9596"]
[Site "Finland"]
[Date "1996.??.??"]
[Round "2"]
[White "Lehtinen, Heikki"]
[Black "Saren, Ilkka J"]
[Result "1-0"]
[WhiteElo "2135"]
[BlackElo "2330"]
[PlyCount "121"]
[EventDate "1995.??.??"]
[Source "www.chesslib.no"]
[SourceDate "2004.05.04"]

1. e4 e5 2. Nc3 Nf6 3. Bc4 Nxe4 4. Qh5 Nd6 5. Bb3 Be7 6. Nf3 Nc6 7. Nxe5 Nxe5 8. Qxe5 O-O 9. Nd5 Re8 10. O-O Bf8 11. Qf4 Re6 12. c3 b6 13. d4 Ba6 14. Rd1 Be2 15. Re1 Bc4 16. Bd2 Bxb3 17. axb3 c6 18. Nb4 a5 19. Nd3 Rxe1+ 20. Bxe1 Ra7 21. f3 Qa8 22. Qg4 a4 23. b4 f6 24. Bh4 Kh8 25. Qf4 Qe8 26. Re1 Qg6 27. Ne5 Qf5 28. Nf7+ Kg8 29. Qxd6 Bxd6 30. Nxd6 Qe6 31. Rxe6 dxe6 32. Nc4 b5 33. Na3 Kf7 34. Kf2 g5 35. Bg3 Ke7 36. Ke3 Ra8 37. Bc7 Kd7 38. Bb6 h5 39. Bc5 Rh8 40. Kd3 g4 41. f4 f5 42. c4 Rb8 43. Kc3 h4 44. Nc2 Ra8 45. b3 h3 46. g3 axb3 47. Kxb3 bxc4+ 48. Kxc4 Ra2 49. Kb3 Ra8 50. Kb2 Ra6 51. d5 cxd5 52. b5 Ra4 53. Bd4 Rc4 54. Kb3 Kc7 55. Be3 Re4 56. Kc3 d4+ 57. Bxd4 Re2 58. b6+ Kb7 59. Ne3 Rxh2 60. Nc4 Rg2 61. Na5+ 1-0

[Event "POL-chT disctrict"]
[Site "Slask"]
[Date "1996.??.??"]
[Round "?"]
[White "Krason, Jozef"]
[Black "Blasiak, Miroslaw"]
[Result "1-0"]
[WhiteElo "2330"]
[BlackElo "2125"]
[PlyCount "109"]
[EventDate "1996.??.??"]
[Source "www.chesslib.no"]
[SourceDate "2004.05.04"]

1. e4 e5 2. Nc3 Nf6 3. Bc4 Nxe4 4. Qh5 Nd6 5. Bb3 Be7 6. Nf3 Nc6 7. Nxe5 O-O 8. Nd5 Nd4 9. O-O Nxb3 10. axb3 Ne8 11. Qe2 Nf6 12. Nc6 dxc6 13. Nxe7+ Kh8 14. Nxc8 Qxc8 15. Qf3 Qg4 16. Qxg4 Nxg4 17. d3 a6 18. Bf4 Rac8 19. Rfe1 Nf6 20. Re2 Kg8 21. Rae1 Rfe8 22. Rxe8+ Rxe8 23. Rxe8+ Nxe8 24. g4 f6 25. Kg2 Kf7 26. Kf3 Ke6 27. Ke4 Nd6+ 28. Kd4 b6 29. c4 c5+ 30. Kc3 c6 31. b4 cxb4+ 32. Kxb4 c5+ 33. Kc3 b5 34. Be3 bxc4 35. dxc4 Nb7 36. Bf4 Kd7 37. Kd3 Kc6 38. Bd2 g6 39. Bc3 f5 40. gxf5 gxf5 41. Ke3 Kd6 42. Kf4 Ke6 43. Kg5 Nd6 44. Kh6 Nxc4 45. Kxh7 Kf7 46. Kh6 Nd6 47. Kg5 c4 48. f3 Nb5 49. Bf6 a5 50. h4 Nc7 51. Kxf5 Nd5 52. Bd4 a4 53. h5 Ne7+ 54. Kg5 Nd5 55. f4 1-0

[Event "TCh-CRO women"]
[Site "?"]
[Date "2004.09.09"]
[Round "5"]
[White "Medvegy Nora"]
[Black "Ascic Iva"]
[Result "1/2-1/2"]
[WhiteElo "2407"]
[BlackElo "2045"]
[PlyCount "150"]
[EventDate "2004.??.??"]
[Source "www.chesslib.no"]
[SourceDate "2004.05.04"]

1. e4 e5 2. Nc3 Nf6 3. Bc4 Nxe4 4. Qh5 Nd6 5. Bb3 Be7 6. Nf3 Nc6 7. Nxe5 g6 8. Nxc6 dxc6 9. Qf3 O-O 10. Ne4 Nf5 11. c3 Nh4 12. Qg3 Nf5 13. Qf3 Nh4 14. Qg3 Nf5 15. Qf4 Qd3 16. Bc4 Qd8 17. d4 Nd6 18. Nxd6 Bxd6 19. Qh6 Re8+ 20. Be3 Be6 21. Bxe6 Rxe6 22. O-O-O Bf8 23. Qf4 Qd6 24. Qxd6 Bxd6 25. h3 f5 26. Rhe1 Rae8 27. Bd2 Kf7 28. Rxe6 Rxe6 29. Re1 Rxe1+ 30. Bxe1 Ke6 31. c4 b5 32. b3 Ba3+ 33. Kc2 a6 34. Kd3 c5 35. d5+ Kd7 36. Bd2 c6 37. dxc6+ Kxc6 38. f3 Bb2 39. g4 Kd6 40. Bf4+ Kc6 41. Be3 Bf6 42. Bd2 Be5 43. Bg5 Bd6 44. Bf6 Bf4 45. Bg7 Bg5 46. Be5 Bh6 47. h4 Bc1 48. Kc2 Be3 49. Kd3 Bc1 50. h5 Bh6 51. hxg6 hxg6 52. Bg3 Bc1 53. Bf2 Bf4 54. Be1 Bg5 55. Bc3 Bf4 56. Bg7 Bg5 57. Bf8 Bf4 58. Be7 Bh6 59. a4 bxa4 60. bxa4 Bf4 61. Bd8 Kd7 62. Ba5 Ke6 63. Bb6 Bd6 64. Ke3 Kf6 65. Bd8+ Ke6 66. Bh4 Bc7 67. Bg5 Bd6 68. Bf4 Be7 69. Bc7 Bg5+ 70. Bf4 Be7 71. Bh6 Bd6 72. Bg7 Kf7 73. Bb2 Ke6 74. Bc3 Bc7 75. Bg7 Bd6 1/2-1/2

[Event "WC.1999.F.00001"]
[Site "?"]
[Date "1999.??.??"]
[Round "?"]
[White "Belanoff Stuart B"]
[Black "Jaluvka Josef"]
[Result "1/2-1/2"]
[WhiteElo "2210"]
[BlackElo "2235"]
[PlyCount "95"]
[EventDate "1999.??.??"]
[Source "www.chesslib.no"]
[SourceDate "2004.05.04"]

1. e4 e5 2. Nc3 Nf6 3. Bc4 Nxe4 4. Qh5 Nd6 5. Bb3 Be7 6. Nf3 Nc6 7. Nxe5 g6 8. Nxc6 dxc6 9. Qf3 O-O 10. O-O Nf5 11. d3 Nd4 12. Qg3 Bf5 13. Re1 Bd6 14. Bf4 a5 15. Bxd6 Qxd6 16. Qe3 b5 17. Ne4 Bxe4 18. dxe4 a4 19. Rad1 c5 20. Bxf7+ Rxf7 21. c3 Rd8 22. e5 Qb6 23. cxd4 cxd4 24. Qh3 c5 25. Qh4 Re8 26. Qe4 Qe6 27. Qd3 Qc4 28. Qf1 Rf5 29. f4 Qxf1+ 30. Rxf1 g5 31. g3 gxf4 32. gxf4 Ref8 33. b4 axb3 34. axb3 Rxf4 35. Rxf4 Rxf4 36. Rc1 d3 37. Rxc5 Rd4 38. Rc1 d2 39. Rd1 Kf7 40. Kf2 Rd3 41. Ke2 Rxb3 42. Rxd2 Rh3 43. Rd7+ Ke6 44. Rb7 Rxh2+ 45. Ke3 Rh3+ 46. Ke2 Rb3 47. Rxh7 Kxe5 48. Kd2 1/2-1/2

[Event "Arctic Cup u16"]
[Site "?"]
[Date "2003.10.10"]
[Round "8"]
[White "Sudarikov Konstantin"]
[Black "Tan Matthew"]
[Result "1/2-1/2"]
[WhiteElo "2227"]
[BlackElo "2190"]
[PlyCount "47"]
[EventDate "2003.??.??"]
[Source "www.chesslib.no"]
[SourceDate "2004.05.04"]

1. e4 e5 2. Nc3 Nf6 3. Bc4 Nxe4 4. Qh5 Nd6 5. Bb3 Be7 6. Qxe5 O-O 7. Nf3 Bf6 8. Qf4 Re8+ 9. Kf1 b6 10. Nd5 Bb7 11. Nxf6+ Qxf6 12. Qxf6 gxf6 13. d3 Nf5 14. Bf4 d6 15. Re1 Nd7 16. Be3 c5 17. Ba4 Rad8 18. c3 Ba6 19. Ke2 b5 20. Bc2 Ne5 21. Nxe5 fxe5 22. Bg5 Rb8 23. Kd2 Ng7 24. d4 1/2-1/2

[Event "Vejle op"]
[Site "Vejle"]
[Date "1974.??.??"]
[Round "2"]
[White "From, Sigfred"]
[Black "Rath, Ulrik"]
[Result "0-1"]
[WhiteElo "2200"]
[BlackElo "2200"]
[PlyCount "80"]
[EventDate "1974.??.??"]
[Source "ChessBase"]

1. e4 e5 2. Nc3 Nf6 3. Bc4 Nxe4 4. Qh5 Nd6 5. Bb3 Be7 6. Nf3 Nc6 7. d3 g6 8. Qh3 Nf5 9. Nd5 d6 10. g4 Nfd4 11. Bh6 Nxf3+ 12. Qxf3 Nd4 13. Qg2 c6 14. Nxe7 Qxe7 15. h4 Bd7 16. Bg5 f6 17. Be3 d5 18. f3 Ne6 19. Qh2 d4 20. Bd2 O-O-O 21. O-O-O Qd6 22. Rde1 Rde8 23. a3 Nf4 24. g5 Rhf8 25. Qg3 Nh5 26. Qf2 f5 27. Re2 f4 28. Rh2 Ng3 29. Re1 c5 30. Rg1 Bc6 31. c3 Kb8 32. cxd4 exd4 33. Bd1 Bb5 34. Kc2 Nf5 35. b3 Ne3+ 36. Kb2 Bxd3 37. h5 gxh5 38. Rxh5 Bg6 39. Rh4 Qe5 40. Qh2 Qf5 0-1

[Event "France"]
[Site "?"]
[Date "2003.12.07"]
[Round "?"]
[White "Congiu Mathilde"]
[Black "Rouzaud Philippe"]
[Result "0-1"]
[WhiteElo "2091"]
[BlackElo "2284"]
[PlyCount "62"]
[EventDate "2003.??.??"]
[Source "www.chesslib.no"]
[SourceDate "2004.05.04"]

1. e4 e5 2. Nc3 Nf6 3. Bc4 Nxe4 4. Qh5 Nd6 5. Bb3 Be7 6. Qxe5 O-O 7. Nf3 Nc6 8. Qh5 g6 9. Qg4 Bf6 10. h4 Na5 11. d3 Nxb3 12. axb3 Re8+ 13. Kf1 Nf5 14. h5 d5 15. Qf4 c6 16. g4 Nd6 17. Be3 a6 18. Bc5 Nb5 19. hxg6 fxg6 20. Qh6 Qd7 21. Na4 Qg7 22. Qf4 g5 23. Qg3 Be6 24. c3 Bf7 25. Be3 d4 26. Nxd4 Nxd4 27. cxd4 Bxd4 28. Qh3 Rad8 29. Bxd4 Rxd4 30. Nc5 Bg6 31. Rd1 Qe7 0-1

[Event "Vins de Medoc op"]
[Site "Naujac sur Mer"]
[Date "2001.07.04"]
[Round "5.4"]
[White "Marciniak, Alexandre"]
[Black "Mayer, Jean Marc"]
[Result "0-1"]
[WhiteElo "2090"]
[BlackElo "2222"]
[PlyCount "58"]
[EventDate "2001.07.01"]
[Source "www.chesslib.no"]
[SourceDate "2004.05.04"]

1. e4 e5 2. Nc3 Nf6 3. Bc4 Nxe4 4. Qh5 Nd6 5. Bb3 Be7 6. Nf3 Nc6 7. d3 Nd4 8. Nxe5 Nxb3 9. axb3 O-O 10. O-O g6 11. Qd1 Bf6 12. Re1 Nf5 13. Bf4 d6 14. Ng4 Bg7 15. Qd2 h5 16. Bg5 f6 17. Nh6+ Kh7 18. Nxf5 Bxf5 19. Be3 Re8 20. Rxa7 Rxa7 21. Bxa7 b6 22. Nd5 Rxe1+ 23. Qxe1 Qa8 24. Bxb6 cxb6 25. Nxb6 Qc6 26. Nc4 Bc8 27. Qe7 d5 28. Nd6 Qxc2 29. g3 Bh3 0-1

[Event "Poland"]
[Site "?"]
[Date "1999.??.??"]
[Round "?"]
[White "Zegar Piotr"]
[Black "Wilczek Hubert"]
[Result "1/2-1/2"]
[WhiteElo "2125"]
[BlackElo "2178"]
[PlyCount "80"]
[EventDate "1999.??.??"]
[Source "www.chesslib.no"]
[SourceDate "2004.05.04"]

1. e4 e5 2. Nc3 Nf6 3. Bc4 Nxe4 4. Qh5 Nd6 5. Bb3 Be7 6. Nf3 Nc6 7. Nxe5 O-O 8. O-O Nxe5 9. Qxe5 Bf6 10. Qh5 g6 11. Qf3 Nf5 12. Nd5 Bg7 13. c3 c6 14. Ne3 d5 15. Bc2 Nd6 16. d4 f5 17. b3 Ne4 18. Bxe4 dxe4 19. Qe2 Be6 20. Nc4 b5 21. Ne5 Qd5 22. Bb2 Rab8 23. Rfe1 Rfc8 24. Rad1 c5 25. c4 bxc4 26. dxc5 Qb7 27. c6 Qe7 28. Nd7 c3 29. Ba1 Ra8 30. Qb5 Rc7 31. Ne5 a6 32. Qa5 Bxb3 33. axb3 Qxe5 34. Rd5 Qe7 35. Bxc3 Rxc6 36. Bxg7 Kxg7 37. Red1 Ra7 38. Qd2 Rcc7 39. Rd8 Qe5 40. g3 Re7 1/2-1/2

[Event "Amager-ch"]
[Site "Amager"]
[Date "1999.??.??"]
[Round "5"]
[White "Christensen, Jan"]
[Black "Olsen, Claus"]
[Result "1-0"]
[WhiteElo "2234"]
[BlackElo "2064"]
[PlyCount "85"]
[EventDate "1999.09.27"]
[Source "www.chesslib.no"]
[SourceDate "2004.05.04"]

1. e4 e5 2. Nc3 Nf6 3. Bc4 Nxe4 4. Qh5 Nd6 5. Bb3 Be7 6. Qxe5 O-O 7. Nge2 Nc6 8. Qh5 Bf6 9. d3 Nd4 10. Nxd4 Bxd4 11. O-O g6 12. Qg4 Nf5 13. Nd5 h5 14. Qf3 c6 15. Nf4 Qf6 16. c3 Bb6 17. d4 d5 18. Nd3 Kg7 19. Bf4 Qd8 20. Rfe1 Nd6 21. Qe3 Re8 22. Bh6+ Kh7 23. Qf4 Rxe1+ 24. Rxe1 Nf5 25. Bg5 f6 26. Bh4 Bc7 27. Bxf6 Bxf4 28. Bxd8 Bd6 29. Bf6 Bd7 30. Bc2 Re8 31. Be5 Bf8 32. f3 Bh6 33. Kf2 Bf8 34. g4 hxg4 35. fxg4 Nh6 36. h3 Be7 37. Kg3 Kg8 38. Nf4 g5 39. Nh5 Bd8 40. Rf1 Nf7 41. Bg6 Re7 42. Nf6+ Kf8 43. Bxf7 1-0

[Event "Fredrikstad"]
[Site "?"]
[Date "2003.07.07"]
[Round "4"]
[White "Breivik Lars H"]
[Black "Stenersen Gudmund"]
[Result "1-0"]
[WhiteElo "2132"]
[BlackElo "2161"]
[PlyCount "83"]
[EventDate "2003.??.??"]
[Source "www.chesslib.no"]
[SourceDate "2004.05.04"]

1. e4 e5 2. Nc3 Nf6 3. Bc4 Nxe4 4. Qh5 Nd6 5. Bb3 Be7 6. Nf3 Bf6 7. Ne4 O-O 8. Nxd6 cxd6 9. h4 g6 10. Qg4 d5 11. Bxd5 d6 12. Qg3 Nc6 13. h5 Bf5 14. hxg6 Bxg6 15. c3 e4 16. Nh4 Ne5 17. Bxe4 Re8 18. Kd1 Bxh4 19. Rxh4 d5 20. Bxg6 Nxg6 21. Rh1 d4 22. d3 Qe7 23. Bd2 dxc3 24. bxc3 Qa3 25. Qh3 Qa4+ 26. Kc1 Qa3+ 27. Kc2 Qa4+ 28. Kb2 Qb5+ 29. Kc1 Nf8 30. Rb1 Qa6 31. Rb2 Rad8 32. c4 Qa3 33. Kc2 b5 34. cxb5 Rd4 35. Qg3+ Ng6 36. Qh3 Rc8+ 37. Kb1 Rcd8 38. Qxh7+ Kf8 39. Bh6+ Ke8 40. Qg8+ Ke7 41. Re1+ Kf6 42. Qg7+ 1-0

[Event "Open VPTD 2003"]
[Site "?"]
[Date "2003.08.15"]
[Round "3"]
[White "Akhayan Ruben"]
[Black "Verboven Peter"]
[Result "1/2-1/2"]
[WhiteElo "2272"]
[BlackElo "2018"]
[PlyCount "120"]
[EventDate "2003.??.??"]
[Source "www.chesslib.no"]
[SourceDate "2004.05.04"]

1. e4 e5 2. Nc3 Nf6 3. Bc4 Nxe4 4. Qh5 Nd6 5. Bb3 Be7 6. Nf3 Nc6 7. Nxe5 Nxe5 8. Qxe5 O-O 9. O-O Bf6 10. Qf4 Bg5 11. Qf3 Qf6 12. Qxf6 Bxf6 13. Re1 c6 14. d3 Nf5 15. Ne4 Bd8 16. Bf4 d5 17. Nd6 Bc7 18. Nxf5 Bxf4 19. Ne7+ Kh8 20. Nxc8 Raxc8 21. Re7 Rb8 22. Rae1 g6 23. c4 Bd2 24. R1e2 Bg5 25. Rd7 Rfe8 26. Kf1 Rxe2 27. Kxe2 Re8+ 28. Kf3 dxc4 29. Bxc4 Re7 30. Rxe7 Bxe7 31. Bxf7 Kg7 32. Be6 Kf6 33. Bc8 b6 34. d4 c5 35. d5 Ke5 36. Be6 b5 37. Ke3 Bg5+ 38. Kd3 Bc1 39. Kc2 Bg5 40. Bg8 h6 41. g3 Bf6 42. f4+ Kd6 43. b3 Bd4 44. h3 Bf2 45. g4 Bg3 46. f5 gxf5 47. gxf5 Be5 48. Kd3 Bf6 49. Be6 Be5 50. a4 bxa4 51. bxa4 Bf6 52. Kc4 Be5 53. Bf7 Bf6 54. Bh5 Bd4 55. Bd1 Ke5 56. Bc2 Kd6 57. Bb3 Ke5 58. Kb5 Kxf5 59. d6 Bf6 60. Kxc5 Bd8 1/2-1/2

[Event "WC.1999.F.00001"]
[Site "?"]
[Date "1999.??.??"]
[Round "?"]
[White "Belanoff Stuart B"]
[Black "Arnold Jens"]
[Result "0-1"]
[WhiteElo "2210"]
[BlackElo "2075"]
[PlyCount "100"]
[EventDate "1999.??.??"]
[Source "www.chesslib.no"]
[SourceDate "2004.05.04"]

1. e4 e5 2. Nc3 Nf6 3. Bc4 Nxe4 4. Qh5 Nd6 5. Bb3 Be7 6. Nf3 Nc6 7. Nxe5 O-O 8. O-O Nd4 9. Nd5 Nxb3 10. axb3 Ne8 11. Qe2 Bf6 12. Nc4 b5 13. Ne5 a6 14. d4 Bb7 15. Qf3 Kh8 16. Re1 d6 17. Nd7 Qxd7 18. Nxf6 Qc8 19. Nd5 Nf6 20. c4 Nxd5 21. cxd5 Qd7 22. b4 f5 23. Bf4 Qf7 24. Qc3 Rg8 25. f3 g5 26. Bd2 g4 27. f4 Qxd5 28. Re2 Rge8 29. Be3 Re7 30. Rae1 Rae8 31. Rc2 h5 32. Ree2 a5 33. bxa5 b4 34. Qd3 Qxa5 35. d5 Qxd5 36. Qxd5 Bxd5 37. Bd4+ Kg8 38. Rxe7 Rxe7 39. Rd2 Kf7 40. Bf2 Ke6 41. Re2+ Be4 42. h3 c5 43. Kf1 Ra7 44. hxg4 hxg4 45. Kg1 Ra1+ 46. Re1 Rxe1+ 47. Bxe1 Kd5 48. Kf1 Bd3+ 49. Kg1 Ke4 50. Kh2 Ke3 0-1

[Event "Stare Mesto"]
[Site "?"]
[Date "2006.08.15"]
[Round "6"]
[White "Valenta Vit"]
[Black "Krejci Jan"]
[Result "1-0"]
[WhiteElo "2194"]
[BlackElo "2078"]
[PlyCount "105"]
[EventDate "2006.??.??"]
[Source "www.chesslib.no"]
[SourceDate "2004.05.04"]

1. e4 e5 2. Nc3 Nf6 3. Bc4 Nxe4 4. Qh5 Nd6 5. Bb3 Be7 6. Nf3 Nc6 7. Nxe5 g6 8. Nxc6 dxc6 9. Qf3 O-O 10. O-O Nf5 11. Ne2 Nh4 12. Qc3 Bf6 13. d4 Nf5 14. Be3 Re8 15. Rad1 Nd6 16. Ng3 Bg4 17. f3 Be6 18. Bf2 Bxb3 19. Qxb3 h5 20. Rfe1 h4 21. Ne4 h3 22. g3 Bg7 23. d5 Nxe4 24. fxe4 cxd5 25. Rxd5 Qe7 26. c3 c6 27. Rd3 Rad8 28. Qc2 Rxd3 29. Qxd3 Rd8 30. Qe2 Bh6 31. Qg4 Qd7 32. Qxd7 Rxd7 33. Re2 Rd1+ 34. Be1 Ra1 35. b3 g5 36. g4 Bf8 37. Kf2 Bd6 38. e5 Bc7 39. Kf3 Kf8 40. Ke4 Bb6 41. Kf5 Bd8 42. c4 a5 43. e6 fxe6+ 44. Kxe6 Rd1 45. Bg3 Rd4 46. Bd6+ Kg8 47. Rf2 Bb6 48. Rf8+ Kg7 49. Rf7+ Kg6 50. Rf6+ Kh7 51. c5 Bxc5 52. Bxc5 Rxg4 53. Kf7 1-0

[Event "24. Open"]
[Site "?"]
[Date "2003.12.27"]
[Round "2"]
[White "Cappon John"]
[Black "Lebon Joffrey"]
[Result "1/2-1/2"]
[WhiteElo "2227"]
[BlackElo "2010"]
[PlyCount "21"]
[EventDate "2003.??.??"]
[Source "www.chesslib.no"]
[SourceDate "2004.05.04"]

1. e4 e5 2. Nc3 Nf6 3. Bc4 Nxe4 4. Qh5 Nd6 5. Bb3 Be7 6. Nf3 Nc6 7. Nxe5 O-O 8. Nxc6 dxc6 9. d3 Nf5 10. Be3 Nd4 11. Bxd4 1/2-1/2

[Event "Wch U16 Girls"]
[Site "Oropesa del Mar"]
[Date "1998.10.31"]
[Round "6"]
[White "Richards, Heather"]
[Black "Kovacevic, Radmila"]
[Result "1-0"]
[WhiteElo "2130"]
[BlackElo "2105"]
[PlyCount "45"]
[EventDate "1998.10.25"]
[Source "ChessBase"]
[SourceDate "1999.01.01"]

1. e4 e5 2. Nc3 Nf6 3. Bc4 Nxe4 4. Qh5 Nd6 5. Bb3 Be7 6. Nf3 O-O 7. Nxe5 Bf6 8. O-O Nc6 9. Ng4 a5 10. d3 Nd4 11. Nxf6+ Qxf6 12. Nd5 Qd8 13. Bg5 Qe8 14. Rae1 Ne6 15. Nxc7 g6 16. Qg4 f5 17. Nxe8 fxg4 18. Nxd6 Kg7 19. d4 Nxg5 20. Re7+ Kf6 21. Rfe1 a4 22. Bc4 h5 23. Ne8+ 1-0

[Event "CZE-ch U14"]
[Site "?"]
[Date "2002.??.??"]
[Round "5"]
[White "Petr Martin"]
[Black "Malinovsky Karel"]
[Result "1/2-1/2"]
[WhiteElo "2109"]
[BlackElo "2125"]
[PlyCount "82"]
[EventDate "2002.??.??"]
[Source "www.chesslib.no"]
[SourceDate "2004.05.04"]

1. e4 e5 2. Nc3 Nf6 3. Bc4 Nxe4 4. Qh5 Nd6 5. Bb3 Be7 6. Nf3 Nc6 7. Nxe5 O-O 8. Nd5 Nd4 9. O-O Nxb3 10. axb3 Ne8 11. Qe2 Nf6 12. Nc6 dxc6 13. Nxe7+ Kh8 14. Nxc8 Qxc8 15. d3 a6 16. Bd2 Qf5 17. Ra5 c5 18. Qe7 Qd7 19. Qxd7 Nxd7 20. Re1 Rfe8 21. Raa1 Kg8 22. Bf4 c6 23. f3 f5 24. Kf2 Kf7 25. Bd6 g6 26. g4 fxg4 27. fxg4 Rxe1 28. Rxe1 Re8 29. Rxe8 Kxe8 30. Kf3 Kf7 31. Bf4 Ke6 32. Be3 b6 33. Kf4 Kf6 34. h4 Ke6 35. d4 cxd4 36. Bxd4 b5 37. Kg5 Kf7 38. h5 Nf8 39. Be5 Ne6+ 40. Kh6 gxh5 41. Kxh5 Nf8 1/2-1/2

[Event "POL Team Ch"]
[Site "Lubniewice POL"]
[Date "1993.??.??"]
[Round "?"]
[White "Erenska-Barlo, Hanna"]
[Black "Wiliczkiewicz, Zdzislawa"]
[Result "1-0"]
[WhiteElo "2210"]
[BlackElo "2020"]
[PlyCount "71"]
[EventDate "1993.??.??"]
[Source "www.chesslib.no"]
[SourceDate "2004.05.04"]

1. e4 e5 2. Nc3 Nf6 3. Bc4 Nxe4 4. Qh5 Nd6 5. Bb3 Be7 6. Nf3 Nc6 7. Nxe5 Nxe5 8. Qxe5 O-O 9. O-O Bf6 10. Qf4 Re8 11. d4 g6 12. Be3 Bg7 13. Rfe1 b6 14. Nd5 Bb7 15. c3 Rc8 16. Bd2 Rxe1+ 17. Rxe1 Bxd5 18. Bxd5 Qf6 19. Kf1 Qxf4 20. Bxf4 Re8 21. Rd1 Bf8 22. g3 Kg7 23. h4 h5 24. Bf3 Be7 25. a4 Bf6 26. b3 Nf5 27. a5 b5 28. a6 b4 29. cxb4 Nxd4 30. Bb7 c6 31. Be3 Re4 32. Rd3 Nb5 33. Rxd7 Rxb4 34. Bxc6 Bd4 35. Rb7 Bxe3 36. fxe3 1-0

[Event "Bytom Open"]
[Site "Bytom POL"]
[Date "1995.??.??"]
[Round "?"]
[White "Obrochta, Bogdan"]
[Black "Szczygiel, Agnieszka"]
[Result "1/2-1/2"]
[WhiteElo "2100"]
[BlackElo "2110"]
[PlyCount "63"]
[EventDate "1995.??.??"]
[Source "www.chesslib.no"]
[SourceDate "2004.05.04"]

1. e4 e5 2. Nc3 Nf6 3. Bc4 Nxe4 4. Qh5 Nd6 5. Bb3 Be7 6. Nf3 Nc6 7. O-O g6 8. Qh3 Nf5 9. Re1 d6 10. d3 Nfd4 11. Qg3 Nxb3 12. axb3 h5 13. h4 Nb4 14. Re2 Bg4 15. Be3 f5 16. Nxe5 Bxh4 17. Nxg4 Bxg3 18. Bg5+ Kf7 19. Bxd8 Raxd8 20. Ne3 Be5 21. Rxa7 Rb8 22. Nc4 Bxc3 23. bxc3 Nd5 24. Na5 Nxc3 25. Re1 Nb5 26. Rxb7 Rxb7 27. Nxb7 Ra8 28. b4 Nc3 29. Na5 Re8 30. Rxe8 Kxe8 31. Nc6 Nd5 32. c4 1/2-1/2

[Event "Ch Norway (team) 1998/99"]
[Site "Norway"]
[Date "1998.??.??"]
[Round "3"]
[White "Panchenko, AG."]
[Black "Efimov Arkadij"]
[Result "0-1"]
[WhiteElo "1955"]
[BlackElo "2225"]
[PlyCount "74"]
[EventDate "1998.??.??"]
[Source "www.chesslib.no"]
[SourceDate "2004.05.04"]

1. e4 e5 2. Nc3 Nf6 3. Bc4 Nxe4 4. Qh5 Nd6 5. Bb3 Be7 6. Nf3 Nc6 7. Nxe5 O-O 8. Nxc6 bxc6 9. d3 Ne8 10. O-O d5 11. Bf4 Be6 12. Bg3 Nf6 13. Qe2 c5 14. Nb5 Ne8 15. Rfe1 c6 16. Na3 Nd6 17. c4 Nf5 18. Be5 a5 19. Ba4 Qb6 20. b3 Ra7 21. cxd5 cxd5 22. Nb5 Rb7 23. Bb2 d4 24. Na3 Bd6 25. Rac1 Ne7 26. Nc4 Bxc4 27. Rxc4 Nd5 28. Qh5 Nb4 29. Qf5 Nxa2 30. Ba3 Rc7 31. Re4 Nc3 32. Rh4 g6 33. Qh3 Re7 34. f3 f5 35. f4 Ne2+ 36. Kf2 Nxf4 37. Kf1 Re3 0-1

[Event "BEL-ch op"]
[Site "?"]
[Date "2001.07.??"]
[Round "7"]
[White "Spanoghe Ivan"]
[Black "Michiels Rob"]
[Result "1/2-1/2"]
[WhiteElo "2174"]
[BlackElo "1998"]
[PlyCount "30"]
[EventDate "2001.??.??"]
[Source "www.chesslib.no"]
[SourceDate "2004.05.04"]

1. e4 e5 2. Nc3 Nf6 3. Bc4 Nxe4 4. Qh5 Nd6 5. Bb3 Be7 6. Nf3 Nc6 7. Nxe5 g6 8. Nxc6 dxc6 9. Qd1 O-O 10. O-O Bf5 11. d3 Re8 12. Be3 Bf6 13. a4 Be6 14. Bxe6 Rxe6 15. Qd2 Qe7 1/2-1/2

[Event "15. ch-SLO women"]
[Site "?"]
[Date "2005.08.18"]
[Round "8"]
[White "Bukovec Tina"]
[Black "Krivec Jana"]
[Result "0-1"]
[WhiteElo "1829"]
[BlackElo "2270"]
[PlyCount "60"]
[EventDate "2005.??.??"]
[Source "www.chesslib.no"]
[SourceDate "2004.05.04"]

1. e4 e5 2. Nc3 Nf6 3. Bc4 Nxe4 4. Qh5 Nd6 5. Bb3 Be7 6. Qxe5 O-O 7. Nge2 Nc6 8. Qh5 g6 9. Qh3 Bf6 10. d3 Nf5 11. Bd2 Ncd4 12. O-O-O d5 13. g4 Nxb3+ 14. axb3 Nd4 15. f4 Nxe2+ 16. Nxe2 a5 17. f5 a4 18. d4 axb3 19. cxb3 Qe8 20. Qd3 Qc6+ 21. Qc3 Re8 22. Ng3 Bxd4 23. Qxc6 bxc6 24. Rhf1 Ba6 25. Rfe1 Rxe1 26. Bxe1 Be5 27. fxg6 hxg6 28. Kc2 Bc8 29. h3 Ra2 30. Rb1 f5 0-1